000 00506nam a2200181Ia 4500
005 20250326125136.0
008 250326s9999 xx 000 0 und d
037 _aTextbook
040 _aFMSL
_beng
_cFMSL
041 _aeng
_2eng
084 _aX:979C:Z2 K4
_qFMSL
100 _aRustamji R F
_9151516
245 0 _aLaw of industrial disputes in India
_cRustamji R F
260 _aLondon
_bLondon, Asia
_c1964
300 _a878p
942 _cTB
_hX:979C:Z2 K4
999 _c1276723
_d1276723